Normal view
MARC view
- Wolf, Mauro
Entry Nombre personal
001 - NÚMERO DE CONTROL
- campo de control: 1137
003 - IDENTIFICADOR DEL NÚMERO DE CONTROL
- campo de control: AR-SiUPM
005 - FECHA Y HORA DE LA ÚLTIMA TRANSACCIÓN
- campo de control: 20190814104348.0
008 - DATOS DE LONGITUD FIJA
- campo de control de longitud fija: 190814|| aca||aabn | a|a d
040 ## - FUENTE DE LA CATALOGACIÓN
- Centro catalogador/agencia de origen: AR-SiUPM
- Centro/agencia transcriptor: AR-SiUPM
100 ## - ENCABEZAMIENTO-NOMBRE DE PERSONA
- Nombre de persona: Wolf, Mauro
- Fechas asociadas al nombre: 1947-1997
670 ## - FUENTE DE DATOS ENCONTRADOS
- Cita de la fuente: Work cat.: (AR-SiUPM)0: Wolf, Mauro 1947-1997, La investigación de la comunicación de masas, 1987